00450nmm a2200145Ia 4500008004100000041000800041100002800049245005000077264005500127300001800182650002600200856005200226942000700278999001900285251105s9999||||xx |||||||||||||||||und|| aspa aRoa Delgado, Juan Pablo 0aEn la mano que escribe (Poesía 2007 - 2022) a[Santiago de Chile, Chile] :bRil editores, c2024 a321 páginas aLatin American poetry uhttps://public.digitaliapublishing.com/a/172330 cCF c106919d106919